Obra poética
Gorde:
| Egile nagusia: | |
|---|---|
| Formatua: | Liburua |
| Hizkuntza: | Undetermined |
| Argitaratua: |
París, Francia
ALLCA XX
1998
|
| Gaiak: | |
| Etiketak: |
Etiketa erantsi
Etiketarik gabe, Izan zaitez lehena erregistro honi etiketa jartzen!
|
MARC
| LEADER | 00000nam a2200000Ia 4500 | ||
|---|---|---|---|
| 008 | 170316s9999 xx 000 0 und d | ||
| 040 | |a cru BVZT | ||
| 090 | |a AR 28 | ||
| 100 | |a López Velarde, Ramón | ||
| 245 | |a Obra poética | ||
| 260 | |a París, Francia | ||
| 260 | |b ALLCA XX | ||
| 260 | |c 1998 | ||
| 300 | |a 841 páginas | ||
| 650 | |a COLECCIÓN ARCHIVOS | ||
| 650 | |a LITERATURA LATINOAMERICANA | ||
| 942 | |c SALA | ||
| 999 | |c 12650 |d 12650 | ||
